| 000 | 02325nam0a2200385 4500 | ||
|---|---|---|---|
| 001 | RU\NLR\BIBL_A\022728267 | ||
| 005 | 20260408233748.0 | ||
| 035 | _a(NLR Aleph) 022728267 | ||
| 090 |
_a13556639 _c13556639 |
||
| 100 | _a20260216d1927 u y0rusy50 ca | ||
| 101 | 0 | _aukr | |
| 102 | _aRU | ||
| 105 | _ay ba 000yy | ||
| 181 | 0 |
_ai _b xxe |
|
| 182 | 0 | _an | |
| 200 | 1 |
_aКаталог пiдручникiв для шкiл профосвiти й полiтосвiти _eпiдручники, якi рекомендував, ухвалив або дозволив до вжитку у вiдповiдних школах та органiзацiях держнаукметодком Наркомосвiти УСРР _f[Державне видавництво Украïни, Харкiв] |
|
| 203 |
_aТекст _bвизуальный _cнепосредственный |
||
| 210 |
_aХаркiв _cДержавне вид-во Украïни _d1927 |
||
| 215 |
_a52 c. _d22 |
||
| 300 | _aЗагл. обл.: Каталог Державного видавництва Украïни. Профосвiта ï полiтосвiта | ||
| 512 | 1 | _aКаталог Державного видавництва Украïни. Профосвiта ï полiтосвiта | |
| 541 | 1 |
_aКаталог учебников для школ профобразования - политообразования _zrus |
|
| 541 | 1 |
_aКаталог Государственного издательства Украины. Профмира и политпросвета _zrus |
|
| 606 |
_aПрофессиональное образование _jБиблиография аннотированная _yУССР _92699574 _3RU\NLR\AUTH\6601767150 |
||
| 606 |
_aКультурно-просветительная работа _jБиблиография аннотированная _yУССР _92699575 _3RU\NLR\AUTH\6601767151 |
||
| 686 | 3 | _aЧ714(2Ук)я18 | |
| 686 | 3 | _aЧ454(2Ук)я18 | |
| 710 | 0 | 2 |
_7ca _8ukr _aДержавне видавництво Украïни _cХаркiв _9874760 _3RU\NLR\AUTH\880602909 |
| 852 |
_aNLR _j671Укр/Д-36 |
||
| 942 | _cUNSPEC | ||
| 980 | _aNB | ||